000 00471nmm a2200169Ia 4500
008 251105s9999||||xx |||||||||||||||||und||
020 _a9789562828925
041 _aspa
100 _aJorge Guzmán
245 0 _aCarta por el libro
264 _a[Santiago de Chile, Chile] :
_bLOM Ediciones,
_c2007
300 _a76 páginas
490 _aLibros del ciudadano
650 _aCultural Studies
856 _uhttps://public.digitaliapublishing.com/a/18286
942 _cCF
999 _c94318
_d94318